[Event "Sicilian; choose your variation ~ 1500 and up"]
[Site "SchemingMind.com"]
[Date "2009.07.20"]
[Round "-"]
[White "andy146"]
[Black "Theodoric"]
[Result "0-1"]
[WhiteCountry "POL"]
[BlackCountry "ENG"]
[WhiteElo "1772"]
[WhiteRD "69"]
[BlackElo "1967"]
[BlackRD "68"]
[GameID "212683"]

1. e4 c5 2. Nf3 e6 3. d4 cxd4 4. Nxd4 a6 5. Bd3 Bc5 6. Nf3 Nc6 7. O-O Nge7 8. b3 O-O 9. Bb2 Qc7 10. Ne1 d6
11. Qg4 e5 12. Qg3 Be6 13. Kh1 f5 14. f4 fxe4 15. Bxe4 d5 16. Bd3 d4 17. fxe5 Rxf1+ 18. Bxf1 Nf5 19. Qf4 Rf8 20. Nf3 Ne3
21. Qe4 Nd1
0-1

[Event "Sicilian; choose your variation ~ 1500 and up"]
[Site "SchemingMind.com"]
[Date "2009.07.20"]
[Round "-"]
[White "andy146"]
[Black "Schaakmaatje"]
[Result "0-1"]
[WhiteCountry "POL"]
[BlackCountry "NED"]
[WhiteElo "1819"]
[WhiteRD "71"]
[BlackElo "1725"]
[BlackRD "50"]
[GameID "212684"]

1. e4 c5 2. Nf3 d6 3. d4 cxd4 4. Nxd4 a6 5. Bd3 g6 6. O-O Bg7 7. Be3 Nc6 8. c3 Nf6 9. Nd2 O-O 10. Re1 Ng4
11. Nxc6 bxc6 12. Bf4 e5 13. Be2 Nxf2 14. Kxf2 exf4 15. Nc4 d5 16. exd5 cxd5 17. Nd2 Bf5 18. Nf3 Qb6+ 19. Nd4 Rfe8 20. Bf3 Be4
21. Qd2 g5 22. Kf1 Rad8 23. Rad1 Qg6 24. a4 h5 25. Bxe4 dxe4 26. Qc2 Bxd4 27. cxd4 Rc8 28. Qd2 e3
0-1

[Event "Sicilian; choose your variation ~ 1500 and up"]
[Site "SchemingMind.com"]
[Date "2009.07.20"]
[Round "-"]
[White "andy146"]
[Black "Brian Acebo"]
[Result "1-0"]
[WhiteCountry "POL"]
[BlackCountry "USA"]
[WhiteElo "1809"]
[WhiteRD "72"]
[BlackElo "1620"]
[BlackRD "64"]
[GameID "212685"]

1. e4 c5 2. Nf3 d6 3. d4 cxd4 4. Nxd4 Nf6 5. Nc3 a6 6. Be2 g6 7. Be3 Bg7 8. Qd2 O-O 9. O-O-O b5 10. f3 Bb7
11. h4 Nbd7 12. g4 Ne5 13. h5 Rc8 14. hxg6 fxg6 15. Ne6 Qd7 16. Nxf8 Kxf8 17. Bd4 Kg8 18. Bxe5 Qc6 19. Bd4 e5 20. Be3 Rd8
21. Bh6 Qd7 22. Bg5 Bf8 23. Bxf6 Qe6 24. Bxd8
1-0

[Event "Sicilian; choose your variation ~ 1500 and up"]
[Site "SchemingMind.com"]
[Date "2009.07.15"]
[Round "-"]
[White "andy146"]
[Black "skeeter"]
[Result "0-1"]
[WhiteCountry "POL"]
[BlackCountry "NZL"]
[WhiteElo "1816"]
[WhiteRD "73"]
[BlackElo "2113"]
[BlackRD "93"]
[GameID "212686"]

1. e4 c5 2. Nf3 e6 3. d4 cxd4 4. Nxd4 Nf6 5. Nc3 Nc6 6. Be3 Bb4 7. Be2 Nxe4 8. Qd3 Nxc3 9. bxc3 Be7 10. O-O O-O
11. Rab1 Ne5 12. Qd2 f5 13. Nf3 Ng6 14. Rfd1 Qa5 15. Ra1 f4 16. Bd4 e5 17. Bxe5 Nxe5 18. Nd4 d6 19. Rdb1 Qd5 20. Rb5 Qf7
21. Nf3 Nc6 22. h3 a6 23. Rb6 Bd8 24. Rb2 d5 25. Rd1 Re8 26. Bd3 h6 27. Re1 Be6 28. Reb1 Re7 29. Nh4 Ne5 30. Re1 Bc8
31. Be2 Nc6 32. Rbb1 Rxe2 33. Rxe2 Bxh4 34. Rbe1 Bd7 35. c4 dxc4 36. Re4 Bf5 37. R4e2 f3
0-1

[Event "Sicilian; choose your variation ~ 1500 and up"]
[Site "SchemingMind.com"]
[Date "2009.07.15"]
[Round "-"]
[White "andy146"]
[Black "Sir_Grantis1"]
[Result "0-1"]
[WhiteCountry "POL"]
[BlackCountry "USA"]
[WhiteElo "1819"]
[WhiteRD "71"]
[BlackElo "1647"]
[BlackRD "91"]
[GameID "212687"]

1. e4 c5 2. Nf3 e6 3. d4 cxd4 4. Nxd4 a6 5. Bd3 Qb6 6. Nf3 Nc6 7. Nc3 Bb4 8. Bd2 Nf6 9. e5 Ng4 10. a3 Bc5
11. Qe2 Bxf2+ 12. Kf1 Bc5 13. Na4 Qa7 14. Nxc5 Qxc5 15. Bc3 Ne3+ 16. Ke1 Nd5 17. Bd2 O-O 18. Qe4 g6 19. Qh4 Ne3 20. Bxe3 Qxe3+
21. Be2 Nxe5 22. Ng5 h5 23. Rd1 f6 24. Nf3 b5 25. Nxe5 Qxe5 26. Qg3 Qxg3+ 27. hxg3 f5 28. Rd6 Bb7 29. Bf3 Bxf3 30. gxf3 Ra7
31. Kf2 Rc8 32. c3 Rc6 33. Rhd1 Rxd6 34. Rxd6 Kf8 35. f4 Ke7 36. Rd4 d6 37. a4 Rb7 38. Rb4 d5 39. Ke3 Kd6 40. Kd4 Rb6
41. a5 Rc6 42. b3 Rc7 43. Kd3 e5 44. c4 dxc4+ 45. bxc4 bxc4+ 46. Kc3 Rc6
0-1

[Event "Sicilian; choose your variation ~ 1500 and up"]
[Site "SchemingMind.com"]
[Date "2009.07.15"]
[Round "-"]
[White "cnbcad"]
[Black "andy146"]
[Result "0-1"]
[WhiteCountry "USA"]
[BlackCountry "POL"]
[WhiteElo "1411"]
[WhiteRD "55"]
[BlackElo "1819"]
[BlackRD "71"]
[GameID "212688"]

1. e4 c5 2. Nc3 Nc6 3. Bb5 a6 4. Bxc6 dxc6 5. f4 g6 6. Nf3 Bg7 7. O-O Bg4 8. h3 Bxf3 9. Qxf3 Bd4+ 10. Kh1 Nf6
11. Ne2 Nd7 12. e5 O-O 13. c3 Nxe5 14. fxe5 Bxe5 15. b3 Qd5 16. Bb2 Qxd2 17. Rab1 Rad8 18. Ng1 Rd3 19. Qe2 Qxe2 20. Nxe2 Rd2
21. Rfe1 Rfd8 22. Ba3 b6 23. b4 Rxa2 24. Bb2 Rd2 25. Bc1 Rxe2 26. Rd1 Rxg2 27. Bh6 f5 28. Rd8+ Kf7 29. Rf8+ Ke6 30. bxc5 Rh2+
31. Kg1 Rxh3 32. Re1 Rxh6 33. cxb6 Rb2 34. Rb8 Rbh2 35. b7 Rh1+ 36. Kf2 Rxe1
0-1

[Event "Sicilian; choose your variation ~ 1500 and up"]
[Site "SchemingMind.com"]
[Date "2009.07.20"]
[Round "-"]
[White "Theodoric"]
[Black "andy146"]
[Result "1-0"]
[WhiteCountry "ENG"]
[BlackCountry "POL"]
[WhiteElo "1967"]
[WhiteRD "68"]
[BlackElo "1772"]
[BlackRD "69"]
[GameID "212689"]

1. e4 c5 2. c3 d5 3. exd5 Qxd5 4. d4 Nf6 5. Nf3 Bg4 6. Be2 e6 7. h3 Bh5 8. O-O Nc6 9. c4 Qd8 10. dxc5 Bxc5
11. Nc3 O-O 12. Bg5 Be7 13. Qb3 Na5 14. Qa4 Rc8 15. Rad1 Qc7 16. Nb5 Qb6 17. Be3 Bc5 18. Bxc5 Qxc5 19. Qxa5 a6 20. b4
1-0

[Event "Sicilian; choose your variation ~ 1500 and up"]
[Site "SchemingMind.com"]
[Date "2009.07.20"]
[Round "-"]
[White "Schaakmaatje"]
[Black "andy146"]
[Result "0-1"]
[WhiteCountry "NED"]
[BlackCountry "POL"]
[WhiteElo "1725"]
[WhiteRD "50"]
[BlackElo "1819"]
[BlackRD "71"]
[GameID "212690"]

1. e4 c5 2. Nf3 d6 3. Bb5+ Bd7 4. Bxd7+ Nxd7 5. d4 cxd4 6. Nxd4 Ngf6 7. f3 g6 8. Be3 Bg7 9. O-O O-O 10. c4 Rc8
11. Na3 Nb6 12. Rc1 Nfd7 13. b3 Nc5 14. Nac2 Qd7 15. Ne1 a6 16. Nd3 Nxd3 17. Qxd3 Qc7 18. Kh1 Nd7 19. Bg5 Nf6 20. f4 Rfd8
21. Qe3 Qc5 22. Rfd1 e5 23. fxe5 dxe5 24. Nf3 Qxe3 25. Bxe3 Nxe4 26. Ng5 Bh6 27. Rxd8+ Rxd8 28. h4 Ng3+ 29. Kh2 Nf5 30. Bf2 Rd2
31. Kg1 Rxa2 32. Rd1 Rb2 33. Ne4 Be3 34. Bxe3 Nxe3 35. Rd8+ Kg7
0-1

[Event "Sicilian; choose your variation ~ 1500 and up"]
[Site "SchemingMind.com"]
[Date "2009.07.20"]
[Round "-"]
[White "Brian Acebo"]
[Black "andy146"]
[Result "0-1"]
[WhiteCountry "USA"]
[BlackCountry "POL"]
[WhiteElo "1620"]
[WhiteRD "64"]
[BlackElo "1809"]
[BlackRD "72"]
[GameID "212691"]

1. e4 c5 2. Nf3 d6 3. d4 cxd4 4. Nxd4 Nf6 5. Nc3 a6 6. Bc4 e6 7. Bg5 Be7 8. Qd2 Nc6 9. O-O-O Qc7 10. h4 b5
11. Be2 b4 12. Na4 Nxe4 13. Qe3 Nxg5 14. hxg5 Bd7 15. b3 Rc8 16. Rd2 Nxd4 17. Rxd4 Qxc2#
0-1

[Event "Sicilian; choose your variation ~ 1500 and up"]
[Site "SchemingMind.com"]
[Date "2009.07.15"]
[Round "-"]
[White "skeeter"]
[Black "andy146"]
[Result "1-0"]
[WhiteCountry "NZL"]
[BlackCountry "POL"]
[WhiteElo "2004"]
[WhiteRD "114"]
[BlackElo "1774"]
[BlackRD "65"]
[GameID "212692"]

1. e4 c5 2. Nf3 e6 3. d4 cxd4 4. Nxd4 Nc6 5. Nc3 Bc5 6. Be3 Qb6 7. Na4 Qa5+ 8. c3 Nxd4 9. Nxc5 Qxc5 10. Bxd4 Qg5
11. h4 Qg6 12. Qf3 b6 13. Rh3 Ne7 14. Rg3
1-0

[Event "Sicilian; choose your variation ~ 1500 and up"]
[Site "SchemingMind.com"]
[Date "2009.07.15"]
[Round "-"]
[White "Sir_Grantis1"]
[Black "andy146"]
[Result "0-1"]
[WhiteCountry "USA"]
[BlackCountry "POL"]
[WhiteElo "1459"]
[WhiteRD "112"]
[BlackElo "1772"]
[BlackRD "69"]
[GameID "212693"]

1. e4 c5 2. Nf3 d6 3. d4 cxd4 4. Nxd4 Nf6 5. f3 e6 6. c4 Nc6 7. Nc3 Be7 8. Be3 O-O 9. Be2 Bd7 10. O-O Rc8
11. b3 Qa5 12. Nxc6 Bxc6 13. Bd2 Qc7 14. Be3 b6 15. a3 Rfd8 16. Qc2 d5 17. cxd5 exd5 18. exd5 Bxd5 19. Rfc1 Be6 20. Bd3 Qxc3
0-1

[Event "Sicilian; choose your variation ~ 1500 and up"]
[Site "SchemingMind.com"]
[Date "2009.07.21"]
[Round "-"]
[White "Efren ramos"]
[Black "cnbcad"]
[Result "1-0"]
[WhiteCountry "NCA"]
[BlackCountry "USA"]
[WhiteElo "1821"]
[WhiteRD "93"]
[BlackElo "1554"]
[BlackRD "64"]
[GameID "212850"]

1. e4 c5 2. Nc3 e6 3. g3 g6 4. Bg2 Nc6 5. Nf3 Bg7 6. d3 Qa5 7. O-O Nf6 8. Bf4 O-O 9. Bd6 Re8 10. Nd2 c4
11. Nxc4 Qh5 12. Qxh5 Nxh5 13. g4 Nf6 14. h3 Bf8 15. f4 Bxd6 16. Nxd6 Re7 17. e5 Ne8 18. Nce4 Nxd6 19. exd6 Re8 20. Nf6+ Kf8
21. Nxe8
1-0

[Event "Sicilian; choose your variation ~ 1500 and up"]
[Site "SchemingMind.com"]
[Date "2009.07.21"]
[Round "-"]
[White "Efren ramos"]
[Black "Theodoric"]
[Result "0-1"]
[WhiteCountry "NCA"]
[BlackCountry "ENG"]
[WhiteElo "1795"]
[WhiteRD "89"]
[BlackElo "1964"]
[BlackRD "71"]
[GameID "212851"]

1. e4 c5 2. Nc3 Nc6 3. g3 g6 4. Bg2 Bg7 5. d3 d6 6. Be3 e6 7. Qd2 Qb6 8. Rb1 Nge7 9. Nf3 O-O 10. O-O Nd4
11. b4 Qd8 12. bxc5 dxc5 13. Bh6 Nxf3+ 14. Bxf3 Nc6 15. Bxg7 Kxg7 16. Bg2 e5 17. Nd5 b6 18. f4 Be6 19. Rf2 f6 20. Rbf1 a6
21. h4 Bg4 22. fxe5 Nxe5 23. Rxf6 Rxf6 24. Rxf6 Ra7 25. Qf4 Qe8 26. Rxb6 Rf7 27. Rf6 Ra7 28. c3 a5 29. d4 cxd4 30. cxd4 Nd7
31. Rd6 Be6 32. Nb6 Bxa2 33. Nxd7 Rxd7 34. Qe5+ Kf8 35. Rf6+ Rf7 36. Rxf7+ Bxf7 37. Qxa5 Qe7 38. Qc3 g5 39. hxg5 Qxg5 40. d5 Qe7
41. e5 Kg8 42. Qc8+ Kg7 43. e6 Bg8 44. Qd7 Kf8 45. Qxe7+ Kxe7 46. Kf2 Bxe6 47. dxe6 Kxe6 48. Kf3 Kf5
0-1

[Event "Sicilian; choose your variation ~ 1500 and up"]
[Site "SchemingMind.com"]
[Date "2009.07.21"]
[Round "-"]
[White "Efren ramos"]
[Black "Schaakmaatje"]
[Result "1-0"]
[WhiteCountry "NCA"]
[BlackCountry "NED"]
[WhiteElo "1821"]
[WhiteRD "93"]
[BlackElo "1671"]
[BlackRD "49"]
[GameID "212852"]

1. e4 c5 2. Nc3 d6 3. Bb5+ Bd7 4. Bxd7+ Nxd7 5. Nf3 g6 6. d4 cxd4 7. Nxd4 Bg7 8. O-O a6 9. Re1 Ngf6 10. Be3 O-O
11. h3 Nc5 12. Qf3 Rc8 13. Nb3 b5 14. Rad1 Qc7 15. e5
1-0

[Event "Sicilian; choose your variation ~ 1500 and up"]
[Site "SchemingMind.com"]
[Date "2009.07.17"]
[Round "-"]
[White "Efren ramos"]
[Black "andy146"]
[Result "0-1"]
[WhiteCountry "NCA"]
[BlackCountry "POL"]
[WhiteElo "1821"]
[WhiteRD "93"]
[BlackElo "1816"]
[BlackRD "73"]
[GameID "212853"]

1. e4 c5 2. Nc3 Nc6 3. g3 g6 4. Bg2 Bg7 5. d3 e6 6. Nf3 d6 7. O-O Nf6 8. Be3 O-O 9. h3 a6 10. d4 cxd4
11. Nxd4 Qc7 12. Qd2 Bd7 13. Nde2 Rfd8 14. Rfd1 Rac8 15. Kh2 Be8 16. Rac1 d5 17. exd5 Nxd5 18. Nxd5 exd5 19. c3 Ne7 20. Nd4 Qc4
21. b3 Qc7
0-1

[Event "Sicilian; choose your variation ~ 1500 and up"]
[Site "SchemingMind.com"]
[Date "2009.07.20"]
[Round "-"]
[White "Efren ramos"]
[Black "Brian Acebo"]
[Result "1-0"]
[WhiteCountry "NCA"]
[BlackCountry "USA"]
[WhiteElo "1821"]
[WhiteRD "93"]
[BlackElo "1581"]
[BlackRD "64"]
[GameID "212854"]

1. e4 c5 2. Nc3 Nc6 3. g3 Nf6 4. Bg2 d6 5. d3 e6 6. Nf3 Be7 7. O-O O-O 8. Nd2 e5 9. Nd5 Nxd5 10. exd5 Nb4
11. Nc4 Bf5 12. f4 b5 13. Ne3 Bg6 14. f5 Bxf5 15. Nxf5 Bf6 16. a3 Na6 17. Qg4 g6 18. Bh6 Re8 19. h4 Nc7 20. h5 Nxd5
21. Bxd5 Rc8 22. hxg6
1-0

[Event "Sicilian; choose your variation ~ 1500 and up"]
[Site "SchemingMind.com"]
[Date "2009.07.17"]
[Round "-"]
[White "Efren ramos"]
[Black "skeeter"]
[Result "0-1"]
[WhiteCountry "NCA"]
[BlackCountry "NZL"]
[WhiteElo "1821"]
[WhiteRD "93"]
[BlackElo "2113"]
[BlackRD "93"]
[GameID "212855"]

1. e4 c5 2. Nc3 Nc6 3. g3 g6 4. Bg2 Bg7 5. d3 d6 6. Be3 e5 7. Nf3 Nge7 8. Qd2 Nd4 9. Ne2 Bh3 10. O-O Nxf3+
11. Bxf3 Bxf1 12. Rxf1 Qd7 13. Bg5 O-O 14. Bxe7 Qxe7 15. Nc3 Qd7 16. Nd5 Kh8 17. Bg2 f5 18. c3 f4 19. f3 fxg3 20. hxg3 Rf7
21. b3 Raf8 22. c4 a6 23. Qg5 Qd8 24. Qg4 Qa5 25. Rf2 Qe1+ 26. Bf1 Bh6 27. Kg2 Qc1 28. Qe6 Rxf3 29. Rxf3 Rxf3 30. Kxf3 Qxf1+
31. Kg4 Qd1+
0-1

[Event "Sicilian; choose your variation ~ 1500 and up"]
[Site "SchemingMind.com"]
[Date "2009.07.17"]
[Round "-"]
[White "Efren ramos"]
[Black "Sir_Grantis1"]
[Result "0-1"]
[WhiteCountry "NCA"]
[BlackCountry "USA"]
[WhiteElo "1821"]
[WhiteRD "93"]
[BlackElo "1588"]
[BlackRD "103"]
[GameID "212856"]

1. e4 c5 2. Nc3 e6 3. g3 d5 4. exd5 exd5 5. d4 c4 6. Bg2 Be6 7. Nge2 Bb4 8. O-O Nf6 9. Nf4 O-O 10. Nxe6 fxe6
11. Ne2 Bd6 12. Bf4 Na6 13. Re1 Re8 14. c3 b5 15. Bg5 h6 16. Bf4 g5 17. Bxd6 Qxd6 18. Qc2 Qd7 19. f4 Nc7 20. fxg5 hxg5
21. Qg6+ Qg7
0-1

[Event "Sicilian; choose your variation ~ 1500 and up"]
[Site "SchemingMind.com"]
[Date "2009.07.21"]
[Round "-"]
[White "cnbcad"]
[Black "Efren ramos"]
[Result "0-1"]
[WhiteCountry "USA"]
[BlackCountry "NCA"]
[WhiteElo "1554"]
[WhiteRD "64"]
[BlackElo "1821"]
[BlackRD "93"]
[GameID "212857"]

1. e4 c5 2. Nc3 e6 3. f4 Nc6 4. Bb5 Nd4 5. d3 Nxb5 6. Nxb5 d5 7. e5 Qa5+ 8. Nc3 d4 9. b4 Qxb4 10. Nf3 Ne7
11. O-O Qxc3 12. Bd2 Qa3 13. Ng5 g6 14. Ne4 Nd5 15. Qe1 Be7 16. Nd6+ Bxd6 17. exd6 Bd7 18. Qe5 f6 19. Qe4 Qa6 20. f5 gxf5
0-1

[Event "Sicilian; choose your variation ~ 1500 and up"]
[Site "SchemingMind.com"]
[Date "2009.07.21"]
[Round "-"]
[White "Theodoric"]
[Black "Efren ramos"]
[Result "1-0"]
[WhiteCountry "ENG"]
[BlackCountry "NCA"]
[WhiteElo "1948"]
[WhiteRD "69"]
[BlackElo "1788"]
[BlackRD "88"]
[GameID "212858"]

1. e4 c5 2. c3 Nf6 3. e5 Nd5 4. d4 cxd4 5. Bc4 Qc7 6. Qe2 Nb6 7. Bd3 Na4 8. Bc2 b5 9. Qxb5 Nc5 10. Qe2 Ba6
11. c4 Nc6 12. Nf3 g6 13. O-O d3 14. Bxd3 Nxd3 15. Qxd3 Nb4 16. Qe4 Bb7 17. Qe2 Bg7 18. Bf4 Rc8 19. Nbd2 O-O 20. Rfc1 a5
21. Qe3 Qc5 22. Qxc5 Rxc5 23. Nb3 Rcc8 24. Ne1 a4 25. a3 Na6 26. Nd2
1-0

[Event "Sicilian; choose your variation ~ 1500 and up"]
[Site "SchemingMind.com"]
[Date "2009.07.21"]
[Round "-"]
[White "Schaakmaatje"]
[Black "Efren ramos"]
[Result "0-1"]
[WhiteCountry "NED"]
[BlackCountry "NCA"]
[WhiteElo "1725"]
[WhiteRD "50"]
[BlackElo "1788"]
[BlackRD "88"]
[GameID "212859"]

1. e4 c5 2. Nf3 Nc6 3. Bb5 g6 4. d4 Bg7 5. c3 Qb6 6. Bxc6 dxc6 7. O-O cxd4 8. cxd4 Bg4 9. Nc3 Nf6 10. e5 Nd5
11. Nxd5 cxd5 12. Qa4+ Bd7 13. Qd1 O-O 14. b3 Rac8 15. Bg5 Qe6 16. Qd2 f6 17. Bh6 fxe5 18. Nxe5 Bb5 19. Rfe1 Qf5 20. Bxg7 Kxg7
21. Rac1 Rxc1 22. Rxc1 Rc8 23. g4 Rxc1+ 24. Qxc1 Qe4 25. Qd2 Qb1+ 26. Kg2 Qf1+ 27. Kg3 Qg1+ 28. Kf3 Qxh2 29. g5 Qh3+ 30. Kf4 h6
31. Ng4 hxg5+ 32. Kxg5 Qh5+ 33. Kf4 g5+ 34. Kf5 Qg6+ 35. Ke5 Qe4#
0-1

[Event "Sicilian; choose your variation ~ 1500 and up"]
[Site "SchemingMind.com"]
[Date "2009.07.20"]
[Round "-"]
[White "andy146"]
[Black "Efren ramos"]
[Result "1-0"]
[WhiteCountry "POL"]
[BlackCountry "NCA"]
[WhiteElo "1819"]
[WhiteRD "71"]
[BlackElo "1788"]
[BlackRD "88"]
[GameID "212860"]

1. e4 c5 2. Nf3 Nc6 3. d4 cxd4 4. Nxd4 Nf6 5. Nc3 e5 6. Ndb5 d6 7. Bg5 a6 8. Na3 b5 9. Nd5 Be7 10. Bxf6 Bxf6
11. c3 O-O 12. Be2 Bg5 13. Nc2 Ne7 14. O-O Be6 15. Nce3 Bxe3 16. fxe3 Bxd5 17. exd5 Qb6 18. Rf3 e4 19. Rg3 Nf5 20. Rh3 Rae8
21. Qd2 Re5 22. Bg4 Ne7 23. a4 f5 24. Be2
1-0

[Event "Sicilian; choose your variation ~ 1500 and up"]
[Site "SchemingMind.com"]
[Date "2009.07.20"]
[Round "-"]
[White "Brian Acebo"]
[Black "Efren ramos"]
[Result "0-1"]
[WhiteCountry "USA"]
[BlackCountry "NCA"]
[WhiteElo "1620"]
[WhiteRD "64"]
[BlackElo "1850"]
[BlackRD "116"]
[GameID "212861"]

1. e4 c5 2. Nf3 Nc6 3. d4 cxd4 4. Nxd4 Nf6 5. Nc3 e5 6. Nf3 Bb4 7. Qd3 d5 8. Bd2 d4 9. Ne2 Bxd2+ 10. Nxd2 Qb6
11. b3 Nb4 12. Qc4 Be6
0-1

[Event "Sicilian; choose your variation ~ 1500 and up"]
[Site "SchemingMind.com"]
[Date "2009.07.20"]
[Round "-"]
[White "skeeter"]
[Black "Efren ramos"]
[Result "1-0"]
[WhiteCountry "NZL"]
[BlackCountry "NCA"]
[WhiteElo "2110"]
[WhiteRD "92"]
[BlackElo "1788"]
[BlackRD "88"]
[GameID "212862"]

1. e4 c5 2. Nf3 Nc6 3. d4 cxd4 4. Nxd4 Nf6 5. Nc3 e5 6. Ndb5 d6 7. Bg5 a6 8. Bxf6 gxf6 9. Na3 Rg8 10. Nd5 f5
11. exf5 Bxf5 12. Nc4 Rg6 13. Bd3 e4 14. Be2 Be6 15. Nf4 d5 16. Nxg6 hxg6 17. Nd2 Qg5 18. g3 O-O-O 19. Qc1 f5 20. c3 Qf6
21. Nb3 g5 22. h4 Bh6 23. hxg5 Bxg5 24. Qc2 Kb8 25. Nc5 d4 26. Rh7 Bf7 27. Bh5 Bxh5 28. Nxa6+ Ka8 29. Nc7+ Kb8 30. Na6+ Ka7
31. Nc5
1-0

[Event "Sicilian; choose your variation ~ 1500 and up"]
[Site "SchemingMind.com"]
[Date "2009.07.20"]
[Round "-"]
[White "Sir_Grantis1"]
[Black "Efren ramos"]
[Result "0-1"]
[WhiteCountry "USA"]
[BlackCountry "NCA"]
[WhiteElo "1459"]
[WhiteRD "112"]
[BlackElo "1835"]
[BlackRD "116"]
[GameID "212863"]

1. e4 c5 2. Nf3 Nc6 3. d4 cxd4 4. Nxd4 Nf6 5. f3 e5 6. Nb3 d5 7. exd5 Qxd5 8. Qxd5 Nxd5 9. Bc4 Be6 10. Be3 Nxe3
11. Bxe6 Nxc2+
0-1

[Event "Sicilian; choose your variation ~ 1500 and up"]
[Site "SchemingMind.com"]
[Date "2009.07.21"]
[Round "-"]
[White "Clive Everill"]
[Black "cnbcad"]
[Result "0-1"]
[WhiteCountry "CZE"]
[BlackCountry "USA"]
[WhiteElo "1659"]
[WhiteRD "48"]
[BlackElo "1554"]
[BlackRD "64"]
[GameID "212885"]

1. e4 c5 2. Nf3 e6 3. Qe2 g6 4. g3 Bg7 5. Bg2 Nf6 6. d3 O-O 7. Nc3 d5 8. Bg5 d4 9. Nb1 Qa5+ 10. c3 dxc3
11. bxc3 Nc6 12. O-O c4 13. d4 b6 14. Nbd2 Qxc3 15. Rfc1 Nxd4 16. Nxd4 Qxd4 17. Nxc4 Ba6 18. Be3 Bxc4 19. Qxc4 Qxc4 20. Rxc4 Ng4
21. Bd4 Ne5 22. Bxe5 Bxe5 23. Rac1 Rab8 24. a4 a6 25. f4 Bd6 26. e5 Bc5+ 27. Kf1 a5 28. Bc6 Rfd8 29. R4c2 Rbc8 30. Bb5 Rd4
31. Kg2 Rcd8 32. Kf3 Ba3 33. Ra1 Bb4 34. Raa2 Rd1 35. h4 h5 36. Rc6 Bc5 37. Ke2 Rg1 38. Kf3 Rd4 39. Rc8+ Kg7 40. Be8 Rd3+
41. Ke2 Re3+ 42. Kf2 Ra3+ 43. Ke2 Rxa2+ 44. Kd3 Bb4 45. Bb5 Rd1+ 46. Ke3 Bc5+ 47. Ke4 Re1+ 48. Kd3 Re3+
0-1

[Event "Sicilian; choose your variation ~ 1500 and up"]
[Site "SchemingMind.com"]
[Date "2009.07.20"]
[Round "-"]
[White "Clive Everill"]
[Black "Efren ramos"]
[Result "0-1"]
[WhiteCountry "CZE"]
[BlackCountry "NCA"]
[WhiteElo "1659"]
[WhiteRD "48"]
[BlackElo "1821"]
[BlackRD "93"]
[GameID "212886"]

1. e4 c5 2. Nf3 Nc6 3. Bb5 e6 4. O-O Nge7 5. c4 Ng6 6. d4 cxd4 7. Nxd4 Be7 8. Be3 O-O 9. Nc3 a6 10. Nxc6 dxc6
11. Ba4 e5 12. Ne2 Qa5 13. Qc2 Be6 14. Bb3 Rad8 15. Rad1 Rxd1 16. Rxd1 Rd8 17. Rxd8+ Qxd8 18. f4 exf4 19. Nxf4 Nxf4 20. Bxf4 Bc5+
21. Kf1 Qd4 22. g3 Qg1+ 23. Ke2 Bg4+ 24. Kd3 Qd4#
0-1

[Event "Sicilian; choose your variation ~ 1500 and up"]
[Site "SchemingMind.com"]
[Date "2009.07.22"]
[Round "-"]
[White "Clive Everill"]
[Black "Theodoric"]
[Result "0-1"]
[WhiteCountry "CZE"]
[BlackCountry "ENG"]
[WhiteElo "1639"]
[WhiteRD "52"]
[BlackElo "1967"]
[BlackRD "68"]
[GameID "212887"]

1. e4 c5 2. Nc3 Nc6 3. Bb5 Nd4 4. Ba4 e5 5. Nf3 Nf6 6. O-O a6 7. d3 b5 8. Bb3 Nxb3 9. axb3 b4 10. Ne2 d6
11. h3 Be7 12. c3 O-O 13. Ng3 Qc7 14. cxb4 cxb4 15. Bg5 h6 16. Bd2 a5 17. Rc1 Qb7 18. Ne1 d5 19. f3 Qb6+ 20. Kh2 Bd6
21. Nc2 Qb5 22. Be1 d4 23. Bf2 Ba6 24. Ne1 Rfc8 25. Rxc8+ Bxc8 26. Nh1 Be6 27. g4 Rc8 28. g5 hxg5 29. Rg1 Be7 30. Ng3 Qd7
31. Nf5 Bxf5 32. exf5 Qxf5 33. Ng2 Bd6 34. Bg3 Nh5 35. Ne1 Nxg3 36. Kxg3 e4+ 37. Kg2 Qf4 38. dxe4 Rc1 39. Qe2 d3 40. Qf2 d2
41. Nd3 Qh2#
0-1

[Event "Sicilian; choose your variation ~ 1500 and up"]
[Site "SchemingMind.com"]
[Date "2009.07.22"]
[Round "-"]
[White "Clive Everill"]
[Black "Schaakmaatje"]
[Result "1/2-1/2"]
[WhiteCountry "CZE"]
[BlackCountry "NED"]
[WhiteElo "1659"]
[WhiteRD "48"]
[BlackElo "1671"]
[BlackRD "49"]
[GameID "212888"]

1. e4 c5 2. Nf3 d6 3. Bb5+ Nc6 4. c3 a6 5. Bxc6+ bxc6 6. d4 cxd4 7. cxd4 g6 8. Nc3 Bg7 9. O-O Nf6 10. Be3 O-O
11. h3 h6 12. Qd2 Rb8 13. Bxh6 Qa5 14. Bxg7 Kxg7 15. a3 Qh5 16. Ng5 Nh7 17. Nxh7 Kxh7 18. Qe3 Rxb2 19. Rfb1 Rxb1+ 20. Rxb1 Qa5
21. a4 f5 22. exf5 Qxf5 23. Qxe7+ Rf7 24. Qh4+ Kg7 25. Rc1 g5 26. Qg3 d5 27. Ne2 Qf6 28. h4 g4 29. Qe3 a5 30. g3 Ba6
31. Nf4 Kh7 32. Qd2 Bc4 33. Re1 Re7 34. Rxe7+ Qxe7 35. Qd1 Qe4 36. Qxg4 Qe1+ 37. Kh2 Qxf2+ 38. Ng2 Bf1 39. Qd7+ Kh8 40. Qe8+ Kh7
41. Qe7+ Kh8 42. Qe8+ Kh7 43. Qe7+ Kh8 44. Qe8+=
1/2-1/2

[Event "Sicilian; choose your variation ~ 1500 and up"]
[Site "SchemingMind.com"]
[Date "2009.07.17"]
[Round "-"]
[White "Clive Everill"]
[Black "andy146"]
[Result "0-1"]
[WhiteCountry "CZE"]
[BlackCountry "POL"]
[WhiteElo "1651"]
[WhiteRD "52"]
[BlackElo "1809"]
[BlackRD "72"]
[GameID "212889"]

1. e4 c5 2. Nf3 d6 3. Bb5+ Bd7 4. a4 a6 5. Bxd7+ Qxd7 6. c4 Nc6 7. O-O e6 8. Na3 Nge7 9. Nc2 Ng6 10. d4 Be7
11. dxc5 dxc5 12. Qxd7+ Kxd7 13. Rd1+ Kc7 14. Be3 Rhd8 15. Ng5 Bxg5 16. Bxg5 f6 17. Be3 b6 18. Ne1 Rd7 19. Rxd7+ Kxd7 20. Rd1+ Kc7
21. f4 Rd8 22. Rxd8 Kxd8 23. g4 Nd4 24. Kf2 e5 25. f5 Ne7 26. h4 Nec6 27. g5 Na5 28. b4 cxb4 29. Bd2 b3 30. Nd3 Nxc4
31. Bc3 b5 32. a5 Nc6 33. gxf6 gxf6 34. Ke2 N6xa5 35. Nb4 b2 36. Bxb2 Nxb2 37. Nxa6 Nb3 38. Nb4 Nc5 39. Ke3 Nd1+ 40. Kf3 Nc3
41. Nd5 N3xe4 42. Ke3 Kd7 43. h5 Kd6 44. Nb4 Ng3
0-1